El pensamiento político y social de Clarín a través de sus cuentos (Record no. 82083)

MARC details
000 -LEADER
campo de control de longitud fija 01066nam a2200289 i 4500
001 - NÚMERO DE CONTROL
campo de control 82083
003 - IDENTIFICADOR DE NÚMERO DE CONTROL
campo de control ES-MaACL
005 - FECHA Y HORA DE LA ÚLTIMA TRANSACCIÓN
campo de control 20230906174603.0
007 - CAMPO FIJO DE DESCRIPCIÓN FÍSICA--INFORMACIÓN GENERAL
campo de control de longitud fija t|
008 - DATOS DE LONGITUD FIJA--INFORMACIÓN GENERAL
campo de control de longitud fija 041122s2001 sp |||| |dspa d
020 ## - NÚMERO INTERNACIONAL ESTÁNDAR DEL LIBRO
Número Internacional Estándar del Libro 84-245-0896-3
080 ## - NÚMERO DE LA CLASIFICACIÓN DECIMAL UNIVERSAL
Número de la Clasificación Decimal Universal 821.134.2 Alas, Leopoldo 2.07
080 ## - NÚMERO DE LA CLASIFICACIÓN DECIMAL UNIVERSAL
Número de la Clasificación Decimal Universal 929 Alas, Leopoldo:32
080 ## - NÚMERO DE LA CLASIFICACIÓN DECIMAL UNIVERSAL
Número de la Clasificación Decimal Universal 929 Alas, Leopoldo:308
100 1# - ENTRADA PRINCIPAL--NOMBRE DE PERSONA
Nombre de persona Martínez-Otero Pérez, Valentín.
9 (RLIN) 78300
245 13 - MENCIÓN DEL TÍTULO
Título El pensamiento político y social de Clarín a través de sus cuentos
Resto del título : valor educativo de la narrativa breve clariniana /
Mención de responsabilidad, etc. Valetín Martínez-Otero Pérez.
250 ## - MENCION DE EDICION
Mención de edición 1ª ed.
260 ## - PUBLICACIÓN, DISTRIBUCIÓN, ETC.
Lugar de publicación, distribución, etc. Madrid :
Nombre del editor, distribuidor, etc. Fundamentos,
Fecha de publicación, distribución, etc. 2001.
300 ## - DESCRIPCIÓN FÍSICA
Extensión 158 p. ;
Dimensiones 21 cm.
490 1# - MENCIÓN DE SERIE
Mención de serie Espiral hispano-americana ;
Designación de volumen o secuencia 47
600 14 - PUNTO DE ACCESO ADICIONAL DE MATERIA--NOMBRE DE PERSONA
Nombre de persona Alas, Leopoldo,
Fechas asociadas al nombre 1852-1901-
Subdivisión general Cuento
9 (RLIN) 19155
600 17 - PUNTO DE ACCESO ADICIONAL DE MATERIA--NOMBRE DE PERSONA
Nombre de persona Alas, Leopoldo,
Fechas asociadas al nombre 1852-1901-
Subdivisión general Pensamiento político
Fuente del encabezamiento o término
9 (RLIN) 143033
600 14 - PUNTO DE ACCESO ADICIONAL DE MATERIA--NOMBRE DE PERSONA
Nombre de persona Alas, Leopoldo,
Fechas asociadas al nombre 1852-1901-
Subdivisión general Pensamiento social
9 (RLIN) 19156
830 1# - PUNTO DE ACCESO ADICIONAL DE SERIE-TÍTULO UNIFORME
Título uniforme Espiral hispano-americana ;
Designación de volumen o secuencia 47
9 (RLIN) 179379
852 ## - LOCALIZACIÓN
Ubicación ES-MaACL
Número de control de estantería L-28511
Holdings
Estatus retirado Estado de pérdida Estado de daño No para préstamo Biblioteca de origen Biblioteca actual Ubicación en estantería Fecha de adquisición Fuente de adquisición Total de préstamos Signatura topográfica completa Código de barras Visto por última vez Precio de reemplazo Tipo de ítem Koha
        Biblioteca del Ateneo de Madrid Biblioteca del Ateneo de Madrid Depósito 2 17/01/2008     L-28511 1085791 23/02/2023 23/02/2023 Libro impreso